00393nam a2200157Ia 4500003000400000008004100004040001600045082001300061100001800074245003800092260003400130300001000164490002400174650001500198650002200213GCL140319s9999 xx 000 0 eng d aGCL / cGCL04a843bR P1 aRENARD, JULES10aPOIL DE CAROTTE / cRENARD, JULES a[S.N] : bGALLIMARD ، c1979 a374 P aCOLLECTION FOLIOv004aLITERATURE04aFRENCH LITERATURE